Provinces of Burkina Faso with a Map - Statistics

General Stats
  • This quiz has been taken 242 times
  • The average score is 22 of 45
Answers on the Map
Answers color-coded by a green-red scale on the quiz's map according to % correct below.
 
Answer Stats
Region Province % Correct
Boucle du Mouhoun Balé
62%
Boucle du Mouhoun Mouhoun
62%
Boucle du Mouhoun Kossi
58%
Centre-Nord Bam
56%
Sud-Ouest Poni
56%
Boucle du Mouhoun Banwa
54%
Centre Kadiogo
54%
Sahel Soum
54%
Nord Loroum
52%
Boucle du Mouhoun Nayala
52%
Hauts-Bassins Tuy
52%
Nord Yatenga
52%
Centre-Ouest Ziro
52%
Cascades Comoé
50%
Hauts-Bassins Houet
50%
Cascades Léraba
50%
Sahel Oudalan
50%
Centre-Ouest Sissili
50%
Boucle du Mouhoun Sourou
50%
Sahel Yagha
50%
Hauts-Bassins Kénédougou
48%
Sud-Ouest Noumbiel
48%
Centre-Nord Sanmatenga
48%
Sahel Séno
48%
Centre-Sud Bazèga
46%
Centre-Est Boulgou
46%
Plateau-Central Ganzourgou
46%
Est Gnagna
46%
Est Gourma
46%
Centre-Est Koulpélogo
46%
Centre-Est Kouritenga
46%
Centre-Sud Nahouri
46%
Est Tapoa
46%
Nord Zondoma
46%
Sud-Ouest Ioba
44%
Est Komondjari
44%
Est Kompienga
44%
Centre-Ouest Sanguié
44%
Centre-Sud Zoundwéogo
44%
Sud-Ouest Bougouriba
42%
Centre-Ouest Boulkiemdé
42%
Plateau-Central Kourwéogo
42%
Centre-Nord Namentenga
42%
Plateau-Central Oubritenga
40%
Nord Passoré
40%
No matching quizzes found
Score Distribution
Percent of People with Each Score
Percentile by Number Answered
Your Score History
You have not taken this quiz